<?xml version="1.0" encoding="UTF-8"?><?xml-stylesheet type="text/xsl" href="static/style.xsl"?><OAI-PMH xmlns="http://www.openarchives.org/OAI/2.0/" xmlns:xsi="http://www.w3.org/2001/XMLSchema-instance" xsi:schemaLocation="http://www.openarchives.org/OAI/2.0/ http://www.openarchives.org/OAI/2.0/OAI-PMH.xsd"><responseDate>2026-06-02T10:34:16Z</responseDate><request verb="GetRecord" identifier="oai:riuma.uma.es:10630/33379" metadataPrefix="marc">https://riuma.uma.es/rest/oai/request</request><GetRecord><record><header><identifier>oai:riuma.uma.es:10630/33379</identifier><datestamp>2026-02-03T11:55:04Z</datestamp><setSpec>com_10630_2254</setSpec><setSpec>col_10630_37959</setSpec></header><metadata><record xmlns="http://www.loc.gov/MARC21/slim" xmlns:dcterms="http://purl.org/dc/terms/" xmlns:doc="http://www.lyncode.com/xoai" xmlns:xsi="http://www.w3.org/2001/XMLSchema-instance" xsi:schemaLocation="http://www.loc.gov/MARC21/slim http://www.loc.gov/standards/marcxml/schema/MARC21slim.xsd">
   <leader>00925njm 22002777a 4500</leader>
   <datafield ind2=" " ind1=" " tag="042">
      <subfield code="a">dc</subfield>
   </datafield>
   <datafield ind2=" " ind1=" " tag="720">
      <subfield code="a">Nofuentes Garrido, Gustavo</subfield>
      <subfield code="e">author</subfield>
   </datafield>
   <datafield ind2=" " ind1=" " tag="720">
      <subfield code="a">García-Domingo, Beatriz</subfield>
      <subfield code="e">author</subfield>
   </datafield>
   <datafield ind2=" " ind1=" " tag="720">
      <subfield code="a">Fuentes, Manuel</subfield>
      <subfield code="e">author</subfield>
   </datafield>
   <datafield ind2=" " ind1=" " tag="720">
      <subfield code="a">Moreno-Sáez, Rafael</subfield>
      <subfield code="e">author</subfield>
   </datafield>
   <datafield ind2=" " ind1=" " tag="720">
      <subfield code="a">Cañete-Torralvo, Cristina</subfield>
      <subfield code="e">author</subfield>
   </datafield>
   <datafield ind2=" " ind1=" " tag="720">
      <subfield code="a">Sidrach-de-Cardona-Ortin, Mariano</subfield>
      <subfield code="e">author</subfield>
   </datafield>
   <datafield ind2=" " ind1=" " tag="720">
      <subfield code="a">Alonso, M. A.</subfield>
      <subfield code="e">author</subfield>
   </datafield>
   <datafield ind2=" " ind1=" " tag="720">
      <subfield code="a">Chenlo, Faustino</subfield>
      <subfield code="e">author</subfield>
   </datafield>
   <datafield ind2=" " ind1=" " tag="260">
      <subfield code="c">2012-09</subfield>
   </datafield>
   <datafield ind2=" " ind1=" " tag="520">
      <subfield code="a">The electric behavior under natural sunlight of thin film PV modules is more difficult to predict than that of crystalline silicon ones owing to the higher sensitivity to the spectral distribution of the former when compared with the latter, among some other factors. The purpose of this work is aimed at looking into the influence of the spectral irradiance and the module temperature on the outdoor performance of recent commercially available a- Si, CdTe and a-Si/μc-Si modules in sites with different climates in Spain. This paper is addressed to present the results of a 12-month experimental campaign experienced by modules of these thin film technologies carried out in the utilities of the CIEMAT/DER (Madrid, continental climate) and those of the University of Málaga (Málaga, Mediterranean climate). For each one of the tested specimens, contour graphs of their performance ratio (PR) as a function of module temperature and average photon energy (APE) are shown. A strong dependence of PR on APE is noticeable at module temperatures below some 45º C so that as a general trend, the module performance improves as APE increases. However, the tested a-Si and a-Si/uc-Si modules show little sensitivity to module temperature within some specific ranges of values of APE which lie in the vicinity of the APE value for the AM1.5G spectrum. Last, spectral gains achieved at high values of APE together with cold temperatures yield figures of PR above 1 in some cases.</subfield>
   </datafield>
   <datafield ind1="8" ind2=" " tag="024">
      <subfield code="a">https://hdl.handle.net/10630/33379</subfield>
   </datafield>
   <datafield tag="653" ind2=" " ind1=" ">
      <subfield code="a">Energía solar - Investigación</subfield>
   </datafield>
   <datafield ind2="0" ind1="0" tag="245">
      <subfield code="a">Comparative Analysis of the Effects of Spectrum and Module Temperature on the Performance of Thin Film Modules on Different Sites</subfield>
   </datafield>
</record>
</metadata></record></GetRecord></OAI-PMH>